Statistics for Modern-Day Countries of the British Empire in 1921

Click here to take the quiz!

General Stats

  • This quiz has been taken 85,862 times
    (55,734 since last reset)
  • The average score is 63 of 74

Answers on the Map

Answers color-coded by a green-red scale on the quiz's map according to % correct below.
 

Answer Stats

Country% Correct
Canada
100%
India
99%
Australia
98%
Egypt
98%
Ireland
98%
South Africa
98%
United Kingdom
98%
New Zealand
96%
Pakistan
96%
Nepal
94%
Sudan
94%
Yemen
94%
Bangladesh
93%
Iraq
93%
Papua New Guinea
93%
Myanmar
92%
Oman
92%
South Sudan
92%
Sri Lanka
92%
Libya
91%
Malaysia
91%
United Arab Emirates
91%
Guyana
90%
Jordan
90%
Kenya
90%
Nigeria
90%
Bhutan
89%
Lesotho
89%
Somalia
89%
Zimbabwe
88%
Bahamas
87%
Israel
87%
Namibia
87%
Botswana
86%
Kuwait
86%
Qatar
86%
Saudi Arabia
86%
Singapore
86%
Tanzania
86%
Zambia
86%
Ghana
85%
Uganda
84%
Eswatini
83%
Bahrain
82%
Jamaica
82%
Cyprus
81%
Fiji
81%
Belize
79%
Malawi
79%
Trinidad and Tobago
79%
Barbados
78%
Brunei
78%
China
78%
Maldives
78%
Saint Kitts and Nevis
78%
Saint Lucia
78%
Solomon Islands
77%
Antigua and Barbuda
76%
Kiribati
76%
Saint Vincent and the Grenadines
76%
Sierra Leone
76%
Turkey
76%
Cameroon
75%
Malta
75%
Seychelles
75%
Samoa
74%
Tuvalu
74%
Grenada
73%
Tonga
73%
Vanuatu
73%
Mauritius
72%
Nauru
72%
Dominica
67%
Gambia
60%

Score Distribution

Percentile by Number Answered

Percent of People with Each Score

Your Score History

You have not taken this quiz since the last reset